| 000 | 00959cam a2200277 4500 | ||
|---|---|---|---|
| 001 | M2186 | ||
| 008 | 090401t1996 xxu||||| |||| 00| 0 eng d | ||
| 035 | _a(Sirsi) u37033 | ||
| 041 | _aeng | ||
| 050 |
_a331.2 _c18 |
||
| 090 | _aRICS 1996/74ABCD | ||
| 110 |
_aRoyal Institution of Chartered Surveyors _94900 |
||
| 245 | _aAgreement between the landlord and the agent setting out the terms of appointment for the management of a block of flats | ||
| 260 |
_aLondon _bRICS _c1996 |
||
| 300 |
_a11p. _c30cm. |
||
| 350 | _a6.99 | ||
| 490 | _aRICS Guidance Note | ||
| 500 | _aAdvised by Residential Faculty that agreement is no longer in use ASH 150305 | ||
| 520 | _aSuperseded by 2nd edition 2006 L135432 | ||
| 650 | _aMANAGING AGENTS | ||
| 650 |
_aProperty management _96262 |
||
| 650 | _aTERMS OF APPOINTMENT | ||
| 690 | _aPROPERTY-RESIDENTIAL PROPERTY-RESIDENTIAL LANDLORD AND TENANT-RESIDENTIAL TENANCIES | ||
| 942 | _n0 | ||
| 948 | _c04/03/1997 | ||
| 999 |
_c90423 _d90423 |
||